Energy efficient ventilation systems (Record no. 72248)

MARC details
000 -LEADER
fixed length control field 01311cam a2200241 4500
001 - CONTROL NUMBER
control field ABS66428
008 - FIXED-LENGTH DATA ELEMENTS--GENERAL INFORMATION
fixed length control field 030306n2003 000 0 eng u
035 ## - SYSTEM CONTROL NUMBER
System control number (Sirsi) u121549
110 ## - MAIN ENTRY--CORPORATE NAME
Corporate name or jurisdiction name as entry element Mott Green and Wall
9 (RLIN) 3850
245 ## - TITLE STATEMENT
Title Energy efficient ventilation systems
260 ## - PUBLICATION, DISTRIBUTION, ETC.
Date of publication, distribution, etc. 2003
490 ## - SERIES STATEMENT
Series statement Building Services Journal
Volume/sequential designation 25(1) January 2003, 18-20(3)
520 ## - SUMMARY, ETC.
Summary, etc. Examines the efficiency of ventilation systems. Highlights that government environmental policy is concentrated on three key areas of the revision of Part L of the Building Regulations, the Climate Change Levy and enhanced capital allowances. Concentrates on examination of the development of energy efficient ventilation systems, ductwork distribution, fans, heat recovery and motors and drives. Uses a case study and tables to illustrate the benefits of incorporating energy efficient measures into the design of a system. Tables.
590 ## - LOCAL NOTE (RLIN)
Local note ABS
650 ## - SUBJECT ADDED ENTRY--TOPICAL TERM
Topical term or geographic name entry element VENTILATION SYSTEMS
650 ## - SUBJECT ADDED ENTRY--TOPICAL TERM
Topical term or geographic name entry element Block management
9 (RLIN) 6220
650 ## - SUBJECT ADDED ENTRY--TOPICAL TERM
Topical term or geographic name entry element ENHANCED CAPITAL ALLOWANCE SCHEME
650 ## - SUBJECT ADDED ENTRY--TOPICAL TERM
Topical term or geographic name entry element CLIMATE CHANGE LEVY
650 ## - SUBJECT ADDED ENTRY--TOPICAL TERM
Topical term or geographic name entry element BUILDING REGULATIONS 2000 APPROVED DOCUMENT L2 (2002 EDITION)
690 ## - LOCAL SUBJECT ADDED ENTRY--TOPICAL TERM (OCLC, RLIN)
Topical term or geographic name as entry element ENVIRONMENTAL AND LAND CONSULTANCY-ENERGY-ENERGY USE-ENERGY EFFICIENCY
710 ## - ADDED ENTRY--CORPORATE NAME
Corporate name or jurisdiction name as entry element Davis Langdon and Everest
9 (RLIN) 1155
942 ## - ADDED ENTRY ELEMENTS (KOHA)
Suppress in OPAC 0
Holdings
Withdrawn status Lost status Source of classification or shelving scheme Damaged status Not for loan Home library Current library Shelving location Date acquired Total Checkouts Full call number Barcode Date last seen Copy number Price effective from Koha item type
    Dewey Decimal Classification     London London Journal article 06/03/2003   ABS66428 121549-1001 06/08/2019 1 06/08/2019 Journal article